[Event "Szczawno Festival IM 2018"]
[Site "Szczawno"]
[Date "2018.12.19"]
[Round "7"]
[White "Krzywda, Andrzej"]
[Black "Kislinsky, Alexey"]
[Result "1/2-1/2"]
[WhiteElo "2178"]
[BlackElo "2425"]
[Annotator "TA"]
[PlyCount "99"]
[EventDate "2018.12.14"]
[EventType "tourn"]
[EventCountry "POL"]
[SourceTitle "playchess.com"]
[Source "ChessBase"]
[SourceQuality "1"]

{[%evp 22,99,93,74,79,77,76,16,126,122,129,122,121,121,121,140,149,68,189,181,179,182,232,222,225,229,222,216,253,237,223,158,148,152,146,148,151,145,198,180,173,114,108,109,121,34,44,22,34,22,26,0,12,10,74,0,0,0,0,0,10,10,10,5,33,29,31,24,140,0,0,0,0,0,0,0,0,0,0,0]} 1. d4 Nf6 2. c4 c5 3. d5 b5 4. cxb5 a6 5. e3 g6 6. Nc3 Bg7 7. Nf3 O-O 8. a4 e6 9. dxe6 fxe6 10. Qd6 axb5 {A57: Benko/Volga Gambit} 11. Bxb5 Na6 12. O-O {LiveBook: 3 Games} Ne8 {White is better.} 13. Qg3 {[#]} Nac7 $146 ({Predecessor:} 13... d5 14. e4 d4 15. Ne2 Nd6 16. Bg5 Qb6 17. Qh4 Nxb5 18. axb5 Qxb5 {0-1 (47) Wilder,M (2535)-Vaganian,R (2625) Saint John 1988}) 14. Bd2 (14. Be2 $16) 14... Bb7 (14... d5 $1 $11) 15. e4 $16 Nf6 16. Bg5 $1 Nxb5 17. axb5 Rxa1 18. Rxa1 Qb6 19. Rd1 (19. Ne5 $16 Nh5 20. Nxd7 Nxg3 21. Nxb6 Nxe4 22. Be3) 19... Bc8 (19... Nxe4 $14 20. Nxe4 Bxe4) 20. Qd6 $36 {[%mdl 2048] Keeping Black busy.} Qxd6 21. Rxd6 Ng4 22. Rd1 c4 23. Be7 Re8 24. Bd6 Bb7 25. h3 Nf6 26. Nd2 Rc8 27. Ra1 {aiming for Ra7.} Ne8 28. Bf4 {Ra7 is the strong threat.} Bd4 29. Be3 Be5 (29... e5 $16 30. Nf3 Bxe3) 30. Ra7 Nd6 31. f4 (31. Na4 $18) 31... Bxc3 $16 32. bxc3 Rb8 33. Ra4 ({White should try} 33. b6 $16) 33... Nxb5 $14 34. Rxc4 {And now Rb4 would win.} Ra8 35. Rb4 Bc6 36. Rb3 Ra1+ 37. Kf2 Ra2 {[#]} (37... Nd6 $11) 38. Ke1 (38. Ke2 $1 $16) 38... Nd6 $11 39. Rb4 Rc2 40. Bc5 Nb5 41. c4 Nc3 42. Rb8+ Kf7 43. Nf3 {Threatens to win with Ng5+.} Nxe4 44. Ne5+ Kg7 {[#]} (44... Kf6 $11 {keeps the balance.} 45. Ng4+ Kg7 46. Bf8+ Kf7) 45. Bf8+ (45. Bd4 $1 $16 Ba4 46. Rb4) 45... Kf6 {The position is equal.} 46. Ng4+ Kf7 47. Ne5+ Kf6 48. Ng4+ Kf7 49. Ne5+ Kf6 50. Ng4+ {Accuracy: White = 47%, Black = 47%.} 1/2-1/2

[Event "Szczawno Festival IM 2018"]
[Site "Szczawno"]
[Date "2018.12.20"]
[Round "8"]
[White "Simantsev, Mikhail"]
[Black "Krzywda, Andrzej"]
[Result "1-0"]
[WhiteElo "2404"]
[BlackElo "2178"]
[Annotator "ChessBase"]
[PlyCount "103"]
[EventDate "2018.12.14"]
[EventType "tourn"]
[EventCountry "POL"]
[SourceTitle "playchess.com"]
[Source "ChessBase"]
[SourceQuality "1"]
[TimeControl "40/5400+30:900+30"]

1. d4 {[%emt 0:00:18]} Nf6 {[%emt 0:00:00]} 2. c4 {[%emt 0:01:12]} e6 {[%emt 0:00:00]} 3. Nf3 {[%emt 0:02:03]} b6 {[%emt 0:00:00]} 4. e3 {[%emt 0:03:15]} Bb7 {[%emt 0:00:39]} 5. Bd3 {[%emt 0:00:02]} c5 {[%emt 0:01:48]} 6. O-O {[%emt 0:02:59]} Be7 {[%emt 0:00:39]} 7. Nc3 {[%emt 0:03:46]} cxd4 {[%emt 0:00:18]} 8. exd4 {[%emt 0:00:22]} O-O {[%emt 0:00:33]} 9. d5 {[%emt 0:19:56]} Na6 {[%emt 0:06:46]} 10. Bf4 {[%emt 0:12:28]} Nh5 {[%emt 0:13:29]} 11. Be3 {[%emt 0:03:44]} Qb8 {[%emt 0:07:27]} 12. Qd2 {[%emt 0:09:01]} f5 {[%emt 0:06:52]} 13. Rfe1 {[%emt 0:03:22]} Nc5 {[%emt 0:10:10]} 14. Bc2 {[%emt 0:02:20]} Bd6 {[%emt 0:01:45]} 15. Bd4 {[%emt 0:11:03]} Nf4 {[%emt 0:12:00]} 16. b4 {[%emt 0:04:42]} Na6 {[%emt 0:11:31]} 17. a3 {[%emt 0:00:26]} Ng6 {[%emt 0:01:53]} 18. Nb5 {[%emt 0:03:41]} Bf4 {[%emt 0:02:29]} 19. Qc3 {[%emt 0:00:22]} Nc7 {[%emt 0:05:18]} 20. Nxc7 {[%emt 0:02:18]} Qxc7 {[%emt 0:00:06]} 21. Bxg7 {[%emt 0:00:21]} Rfc8 {[%emt 0:03:49]} 22. Qb2 {[%emt 0:05:54]} Bxd5 {[%emt 0:01:38]} 23. cxd5 {[%emt 0:00:33]} Qxc2 {[%emt 0:00:07]} 24. dxe6 {[%emt 0:00:05]} Qxb2 {[%emt 0:03:47]} 25. Bxb2 {[%emt 0:00:02]} dxe6 {[%emt 0:00:19]} 26. Rxe6 {[%emt 0:00:01]} Rc2 {[%emt 0:00:26]} 27. Bd4 {[%emt 0:00:01]} Rc1+ {[%emt 0:04:17]} 28. Rxc1 {[%emt 0:01:35]} Bxc1 {[%emt 0:00:06]} 29. a4 {[%emt 0:00:03]} Ba3 {[%emt 0:00:24]} 30. b5 {[%emt 0:00:32]} Nf4 {[%emt 0:00:20]} 31. Re5 {[%emt 0:02:25]} Rc8 {[%emt 0:01:56]} 32. Be3 {[%emt 0:00:25]} Ne2+ {[%emt 0:01:08]} 33. Kf1 {[%emt 0:00:16]} Nc3 {[%emt 0:00:14]} 34. Rxf5 {[%emt 0:00:08]} Nxa4 {[%emt 0:00:33]} 35. Rg5+ {[%emt 0:00:53]} Kf8 {[%emt 0:00:13]} 36. Rh5 {[%emt 0:01:09]} Kg8 {[%emt 0:00:49]} 37. Ng5 {[%emt 0:01:51]} Rc7 {[%emt 0:01:43]} 38. Ne4 {[%emt 0:00:19]} Bb2 {[%emt 0:01:39]} 39. g4 {[%emt 0:01:48]} Rc4 {[%emt 0:00:30]} 40. f3 {[%emt 0:00:00]} Rc2 {[%emt 0:00:00]} 41. h4 {[%emt 0:02:05]} Nc3 {[%emt 0:05:28]} 42. Nf6+ {[%emt 0:09:40]} Kg7 {[%emt 0:00:40]} 43. g5 {[%emt 0:00:05]} Ne2 {[%emt 0:04:36]} 44. Rxh7+ {[%emt 0:00:44]} Kg6 {[%emt 0:00:06]} 45. h5+ {[%emt 0:01:14]} Kf5 {[%emt 0:00:02]} 46. Ne4 {[%emt 0:00:08]} Bd4 {[%emt 0:02:01]} 47. Bxd4 {[%emt 0:04:07]} Nxd4 {[%emt 0:00:06]} 48. Rf7+ {[%emt 0:00:04]} Ke6 {[%emt 0:00:36]} 49. g6 {[%emt 0:00:51]} Nf5 {[%emt 0:01:11]} 50. Rxf5 {[%emt 0:00:15]} Kxf5 {[%emt 0:00:12]} 51. g7 {[%emt 0:00:03]} Rc8 {[%emt 0:01:15]} 52. Nd6+ {[%emt 0:00:03]} 1-0

[Event "Szczawno Festival IM 2018"]
[Site "Szczawno"]
[Date "2018.12.20"]
[Round "8"]
[White "Sergeev, Vladimir"]
[Black "Karpus, Michal"]
[Result "0-1"]
[WhiteElo "2402"]
[BlackElo "2355"]
[Annotator "NA"]
[PlyCount "158"]
[EventDate "2018.12.14"]
[EventType "tourn"]
[EventCountry "POL"]
[SourceTitle "playchess.com"]
[Source "ChessBase"]
[SourceQuality "1"]
[TimeControl "40/5400+30:900+30"]

1. Nf3 {[%emt 0:00:00]} d5 {[%emt 0:00:00]} 2. g3 {[%emt 0:00:00]} g6 {[%emt 0:00:59]} 3. c4 {[%emt 0:00:00]} e6 {[%emt 0:00:26]} 4. Bg2 {[%emt 0:00:07]} Bg7 {[%emt 0:00:09]} 5. O-O {[%emt 0:00:24] A13: English Opening: 1...e6} Nf6 {[%emt 0:00:15]} 6. Qc2 {[%emt 0:02:46]} O-O {[%emt 0:01:07]} 7. b3 {[%emt 0:00:24]} b6 {[%emt 0:01:49]} 8. Bb2 {[%emt 0:01:18]} Bb7 {[%emt 0:00:51]} 9. d4 {[%emt 0:00:39] LiveBook: 4 Games} Na6 {[%emt 0:05:54]} 10. Nbd2 {[%emt 0:04:47]} c5 $146 {[%emt 0:02:55]} ({Predecessor:} 10... Rc8 11. Rad1 Qe7 12. Qb1 Rfd8 13. Ne5 c5 14. Qa1 cxd4 15. Bxd4 {½-½ (36) Sirosh,I (2380)-Cruz,C (2571) Batumi 2018}) 11. dxc5 {[%emt 0:15:42]} bxc5 {[%emt 0:01:28]} 12. Ne5 {[%emt 0:06:39]} Qb6 {[%emt 0:02:30]} 13. e3 {[%emt 0:02:08]} Nb4 {[%emt 0:03:18]} 14. Qb1 {[%emt 0:01:29]} a5 {[%emt 0:04:57]} 15. a3 {[%emt 0:00:56]} Na6 {[%emt 0:01:22]} 16. Qc2 {[%emt 0:00:22]} Rfd8 {[%emt 0:02:16]} 17. cxd5 {[%emt 0:00:31]} exd5 {[%emt 0:00:48]} 18. Rfd1 {[%emt 0:01:13]} Rab8 {[%emt 0:10:25]} 19. Rac1 {[%emt 0:03:35]} Bc8 {[%emt 0:07:32]} 20. e4 {[%emt 0:15:17]} d4 {[%emt 0:02:59]} 21. Ndc4 {[%emt 0:02:40]} Qc7 {[%emt 0:05:57]} 22. Re1 {[%emt 0:04:31]} Be6 {[%emt 0:01:50]} 23. Bf1 {[%emt 0:06:56]} Ne8 {[%emt 0:02:41]} 24. Nd3 {[%emt 0:02:04]} Nd6 {[%emt 0:01:00]} 25. Nf4 {[%emt 0:01:24]} Bxc4 {[%emt 0:04:54]} 26. Bxc4 {[%emt 0:00:28]} Nxc4 {[%emt 0:00:23] Pin} 27. Qxc4 {[%emt 0:00:03]} Qb7 {[%emt 0:00:22]} 28. Rb1 {[%emt 0:02:07]} Qb5 {[%emt 0:05:19]} 29. Ba1 {[%emt 0:16:25] [#]} a4 $1 {[%emt 0:02:04]} 30. Qxb5 {[%emt 0:00:20]} (30. Rec1 $17 {was worth a try.}) 30... Rxb5 {[%emt 0:00:17]} 31. bxa4 {[%emt 0:00:10] [#]} Rxb1 $1 {[%emt 0:02:02]} 32. Rxb1 {[%emt 0:00:01]} c4 {[%emt 0:00:19]} 33. Rc1 {[%emt 0:02:25]} d3 {[%emt 0:01:22]} 34. e5 {[%emt 0:00:01]} Nc5 {[%emt 0:01:23]} 35. Bc3 {[%emt 0:05:22]} Ne4 {[%emt 0:05:37]} 36. Ba5 {[%emt 0:00:10]} c3 {[%emt 0:02:16]} 37. Nxd3 {[%emt 0:03:46]} Rxd3 {[%emt 0:00:10]} 38. Kf1 {[%emt 0:00:37]} Bxe5 {[%emt 0:00:53]} 39. Ke2 {[%emt 0:00:02]} Nc5 {[%emt 0:02:07]} 40. Rc2 {[%emt 0:00:00]} Rd2+ {[%emt 0:00:00]} 41. Rxd2 {[%emt 0:00:36]} cxd2 {[%emt 0:08:14]} 42. Bxd2 {[%emt 0:00:04]} Nxa4 {[%emt 0:00:09]} 43. Kd3 {[%emt 0:01:02]} Kg7 {[%emt 0:01:40]} 44. Kc4 {[%emt 0:00:25]} Kf6 {[%emt 0:00:57]} 45. Kb3 {[%emt 0:06:58]} (45. f4 $142 Ba1 46. Kb4) 45... Nb6 {[%emt 0:01:11]} 46. Be3 {[%emt 0:00:27]} Nc8 {[%emt 0:00:52]} 47. a4 {[%emt 0:00:43]} Ke6 {[%emt 0:00:29]} 48. Kc4 {[%emt 0:00:13]} Bc7 {[%emt 0:01:03]} 49. h3 {[%emt 0:02:47]} Nb6+ {[%emt 0:01:52]} 50. Kb5 {[%emt 0:00:09]} Nxa4 {[%emt 0:00:20]} 51. Kxa4 {[%emt 0:00:01]} Kd5 {[%emt 0:00:13]} 52. Kb5 {[%emt 0:00:22]} Be5 {[%emt 0:01:01]} 53. f3 {[%emt 0:02:26]} Bxg3 {[%emt 0:02:26]} 54. Kb4 {[%emt 0:00:01] [#]} Be1+ $1 {[%emt 0:01:33]} 55. Kb3 {[%emt 0:00:03]} Ba5 {[%emt 0:00:58]} 56. Kc2 {[%emt 0:00:02]} Kc4 {[%emt 0:00:21]} 57. Bf2 {[%emt 0:00:13]} f5 {[%emt 0:01:05]} (57... f6 $19 {and Black stays clearly on top.} 58. Be3 g5) 58. Be3 {[%emt 0:00:36]} Bb4 {[%emt 0:01:03]} 59. Bf2 {[%emt 0:03:25] [#]} (59. Bh6 $17) 59... g5 $1 {[%emt 0:01:36]} 60. Be3 {[%emt 0:00:11]} h6 {[%emt 0:00:25]} 61. Bb6 {[%emt 0:01:20]} f4 {[%emt 0:03:13]} 62. Ba7 {[%emt 0:00:40]} Ba5 {[%emt 0:07:28]} 63. Bf2 {[%emt 0:00:53]} Bc3 {[%emt 0:00:47]} 64. Bb6 {[%emt 0:00:03]} Bb4 {[%emt 0:01:03]} 65. Bf2 {[%emt 0:01:03]} Bc5 {[%emt 0:00:42]} 66. Be1 {[%emt 0:00:21]} h5 {[%emt 0:00:20]} 67. Bd2 $19 {[%emt 0:00:34]} (67. Bc3 $17) 67... Bb4 {[%emt 0:01:43]} 68. Bc1 {[%emt 0:04:00]} Kd4 {[%emt 0:00:57]} 69. Kd1 {[%emt 0:00:36]} Kd3 {[%emt 0:00:09]} 70. h4 {[%emt 0:00:05]} gxh4 {[%emt 0:00:23]} 71. Bxf4 {[%emt 0:00:02]} h3 {[%emt 0:00:18]} 72. Bh2 {[%emt 0:02:08]} Ke3 {[%emt 0:00:14]} 73. f4 {[%emt 0:00:05]} Kf2 {[%emt 0:00:29]} 74. f5 {[%emt 0:00:01]} Kg2 {[%emt 0:00:28]} 75. Ke2 {[%emt 0:01:28]} Kxh2 {[%emt 0:00:25]} 76. Kf1 {[%emt 0:00:04]} Bc3 {[%emt 0:00:22]} 77. Kf2 {[%emt 0:00:06]} Bd4+ {[%emt 0:00:08]} 78. Kf1 {[%emt 0:00:14]} Kg3 {[%emt 0:00:30]} 79. f6 {[%emt 0:00:01]} h2 {[%emt 0:00:09]} 0-1

[Event "Szczawno Festival IM 2018"]
[Site "Szczawno"]
[Date "2018.12.20"]
[Round "8"]
[White "Pacan-Milej, Kosma"]
[Black "Sliwicka, Alicja"]
[Result "0-1"]
[WhiteElo "2334"]
[BlackElo "2236"]
[Annotator "NA"]
[PlyCount "54"]
[EventDate "2018.12.14"]
[EventType "tourn"]
[EventCountry "POL"]
[SourceTitle "playchess.com"]
[Source "ChessBase"]
[SourceQuality "1"]
[TimeControl "40/5400+30:900+30"]

{[%evp 8,53,52,26,60,49,60,32767,32767,32767,32767,32767,32767,43,32767,35,32767,20,18,14,24,0,23,2,32767,-1,15,32767,32767,32767,32767,32767,32767,32767,32767,-102,32767,32767,-472,32767,-512,-479,-483,-505,-520,-741,-783,-891]} 1. d4 {[%emt 0:00:00]} Nf6 {[%emt 0:00:00]} 2. Nf3 {[%emt 0:00:00]} d6 {[%emt 0:00:00]} 3. c4 {[%emt 0:00:02]} Nbd7 {[%emt 0:00:00]} 4. Nc3 {[%emt 0:00:14]} e5 {[%emt 0:00:00]} 5. g3 {[%emt 0:00:09]} Be7 {[%emt 0:00:10]} 6. Bg2 {[%emt 0:00:06]} O-O {[%emt 0:00:07]} 7. O-O {[%emt 0:00:09]} c6 {[%emt 0:00:06]} 8. Qc2 {[%emt 0:00:16]} Re8 {[%emt 0:00:08]} 9. h3 {[%emt 0:00:59]} Bf8 {[%emt 0:01:18]} 10. e4 {[%emt 0:01:09]} a6 {[%emt 0:01:12]} 11. Be3 {[%emt 0:08:33] LiveBook: 11 Games A55: Old Indian Defence with Nf3 and e4} (11. d5 cxd5 12. cxd5 b5 13. Be3 Nb6 14. Nd2 Bd7 15. Rfc1 Qb8 16. b3 Rc8 17. a3 Be7 18. Qd3 Bd8 {½-½ (81) Belous,V (2554)-Onischuk,V (2574) Taganrog 2013}) 11... b5 {[%emt 0:03:33]} 12. cxb5 {[%emt 0:11:52]} axb5 {[%emt 0:01:57]} 13. Rfd1 {[%emt 0:08:23]} Qa5 $146 {[%emt 0:05:47]} ({Predecessor:} 13... Bb7 14. a3 Qb8 15. Rac1 Rc8 16. Qb3 h6 17. Nh4 exd4 18. Bxd4 Nc5 {1-0 (37) Horvath,T-Demeny,A (2145) Hungary 2004}) 14. dxe5 {[%emt 0:02:27]} dxe5 {[%emt 0:01:27]} 15. Nd2 {[%emt 0:04:24]} Nc5 {[%emt 0:10:08]} 16. Ne2 {[%emt 0:18:18]} b4 {[%emt 0:07:13]} 17. Nc1 {[%emt 0:06:36]} Be6 {[%emt 0:04:57]} 18. Ncb3 {[%emt 0:03:48]} Nxb3 {[%emt 0:00:23]} 19. Nxb3 {[%emt 0:00:06]} Qa4 {[%emt 0:00:42]} 20. Bg5 {[%emt 0:06:20]} c5 {[%emt 0:01:55]} 21. Bxf6 {[%emt 0:02:34]} gxf6 {[%emt 0:00:20]} 22. Rdc1 {[%emt 0:06:14]} c4 {[%emt 0:01:28]} 23. Nd2 {[%emt 0:00:35]} Qxc2 {[%emt 0:00:11]} 24. Rxc2 {[%emt 0:00:02]} b3 {[%emt 0:01:05]} 25. Rcc1 {[%emt 0:00:39]} Rxa2 {[%emt 0:01:27]} 26. Bf1 {[%emt 0:01:25]} c3 {[%emt 0:00:40]} 27. Rxa2 $19 {[%emt 0:01:38]} cxd2 {[%emt 0:00:14]} 0-1

[Event "Szczawno Festival IM 2018"]
[Site "Szczawno"]
[Date "2018.12.20"]
[Round "8"]
[White "Chylewski, Patryk"]
[Black "Fus, Jakub"]
[Result "0-1"]
[WhiteElo "2268"]
[BlackElo "2265"]
[Annotator "NA"]
[PlyCount "80"]
[EventDate "2018.12.14"]
[EventType "tourn"]
[EventCountry "POL"]
[SourceTitle "playchess.com"]
[Source "ChessBase"]
[SourceQuality "1"]
[TimeControl "40/5400+30:900+30"]

1. c4 {[%emt 0:00:00]} e6 {[%emt 0:00:00]} 2. Nc3 {[%emt 0:00:00]} Bb4 {[%emt 0:00:43]} 3. e4 {[%emt 0:00:00]} c5 {[%emt 0:07:03]} 4. Nb5 {[%emt 0:00:05]} Nc6 {[%emt 0:08:02]} 5. a3 {[%emt 0:06:16]} Ba5 {[%emt 0:00:33]} 6. Nd6+ {[%emt 0:14:42]} (6. b4 $5 cxb4 7. Bb2 $11) 6... Kf8 {[%emt 0:02:16]} 7. b4 {[%emt 0:03:43]} cxb4 {[%emt 0:04:58]} (7... Qf6 $1 $11 8. Rb1 cxb4) 8. Bb2 {[%emt 0:02:25]} f6 {[%emt 0:22:33]} 9. Nf3 {[%emt 0:06:37]} ({Much weaker is} 9. Qh5 Qe7 $15) 9... Qe7 {[%emt 0:05:31]} 10. Nxc8 {[%emt 0:01:21]} Rxc8 {[%emt 0:00:06]} 11. Be2 {[%emt 0:00:39]} bxa3 {[%emt 0:10:30]} 12. Bxa3 {[%emt 0:02:24]} Bb4 {[%emt 0:00:05]} 13. Bxb4 {[%emt 0:01:22]} Qxb4 {[%emt 0:00:26]} 14. O-O {[%emt 0:03:42]} Nge7 {[%emt 0:03:52] [#]} 15. d4 $1 {[%emt 0:06:53]} Kf7 {[%emt 0:02:40]} 16. Rb1 {[%emt 0:03:48]} Qa5 {[%emt 0:12:21]} 17. Rxb7 {[%emt 0:07:36]} Rhd8 {[%emt 0:04:35]} 18. d5 {[%emt 0:05:35]} Nb8 {[%emt 0:01:39]} 19. Nd4 {[%emt 0:01:36]} e5 {[%emt 0:04:23]} (19... Kg8 {might work better.} 20. Qa1 Qxa1 21. Rxa1 exd5) 20. Nb5 {[%emt 0:00:31]} Kf8 {[%emt 0:01:14]} 21. Rxa7 {[%emt 0:03:44]} Qb6 {[%emt 0:00:05]} 22. Qd3 {[%emt 0:03:17]} Qc5 {[%emt 0:02:21]} 23. Qh3 {[%emt 0:01:20]} h6 {[%emt 0:01:26]} 24. Qg4 {[%emt 0:01:27]} Qb6 {[%emt 0:01:48]} 25. h4 {[%emt 0:03:13]} g5 {[%emt 0:00:22]} 26. g3 {[%emt 0:01:48]} Kg7 {[%emt 0:01:03]} 27. Kg2 {[%emt 0:00:06]} Rg8 {[%emt 0:01:32]} 28. f4 {[%emt 0:03:29]} exf4 {[%emt 0:00:16]} 29. gxf4 {[%emt 0:00:44]} Ng6 {[%emt 0:00:28]} 30. hxg5 {[%emt 0:07:18]} hxg5 {[%emt 0:00:37]} 31. e5 {[%emt 0:08:13]} gxf4 $18 {[%emt 0:01:10]} (31... Nh4+ $16 32. Kh2 Rh8 33. exf6+ Qxf6) 32. Rxf4 {[%emt 0:01:02]} fxe5 {[%emt 0:00:28]} 33. Rf3 {[%emt 0:00:23]} Rcf8 {[%emt 0:00:43]} 34. Rxd7+ {[%emt 0:01:08]} Nxd7 {[%emt 0:00:09]} 35. Qxd7+ {[%emt 0:00:08]} Kh8 {[%emt 0:00:24]} 36. c5 {[%emt 0:00:51]} Nf4+ {[%emt 0:00:41] Discovered Attack (Double check)} 37. Kf1 {[%emt 0:00:30]} Rg1+ {[%emt 0:00:38]} 38. Kxg1 {[%emt 0:00:27]} Qg6+ {[%emt 0:00:03]} 39. Kf2 {[%emt 0:00:18]} Qg2+ {[%emt 0:00:04]} 40. Ke3 {[%emt 0:00:00]} Qxe2# {[%emt 0:00:00] Kd4} 0-1

[Event "Szczawno Festival IM 2018"]
[Site "Szczawno"]
[Date "2018.12.20"]
[Round "8"]
[White "Tejaswini, Sagar"]
[Black "Kislinsky, Alexey"]
[Result "1-0"]
[WhiteElo "2177"]
[BlackElo "2425"]
[Annotator "NA"]
[PlyCount "49"]
[EventDate "2018.12.14"]
[EventType "tourn"]
[EventCountry "POL"]
[SourceTitle "playchess.com"]
[Source "ChessBase"]
[SourceQuality "1"]
[TimeControl "40/5400+30:900+30"]

{[%evp 9,49,33,32767,54,53,32767,32767,32767,32767,101,96,90,32767,90,68,100,320,331,579,592,645,815,824,866,32767,32767,32767,32767,32767,32767,1434,1350,1364,519,1196,32767,32767,32767,29994,32767,32767,29998]} 1. e4 {[%emt 0:00:00]} d5 {[%emt 0:04:26]} 2. exd5 {[%emt 0:00:00]} Qxd5 {[%emt 0:00:03]} 3. Nc3 {[%emt 0:00:00]} Qa5 {[%emt 0:00:06]} 4. d4 {[%emt 0:00:00]} Nf6 {[%emt 0:00:05]} 5. Nf3 {[%emt 0:00:02]} Bg4 {[%emt 0:00:49]} 6. h3 {[%emt 0:00:25]} Bh5 {[%emt 0:00:08]} 7. g4 {[%emt 0:01:03]} Bg6 {[%emt 0:00:05]} 8. Ne5 {[%emt 0:01:38]} e6 {[%emt 0:00:07]} 9. h4 {[%emt 0:02:33]} Bb4 {[%emt 0:00:36]} 10. Bd2 {[%emt 0:03:11] LiveBook: 27 Games B01: Scandinavian Defence} Be4 {[%emt 0:04:34]} (10... Nbd7 11. Nc4 Qa6 12. h5 Bxc3 13. bxc3 Be4 14. f3 Bd5 15. Ne3 Qd6 16. Rh3 h6 17. c4 Bc6 {0-1 (48) Rublevsky,S (2702)-Munoz Pantoja,M (2441) Berlin 2015}) 11. Nxe4 $2 {[%emt 0:07:03]} (11. Nc4 $18 {is the precise move to win.} Bxh1 12. Nxa5 Bxa5 13. f3) 11... Nxe4 {[%emt 0:00:06]} 12. c3 {[%emt 0:01:08]} Be7 $2 {[%emt 0:00:06]} (12... Nxd2 $16 13. Bg2 (13. Qxd2 Bd6 $14) (13. Kxd2 Bd6 $14) 13... Qb5) 13. Qf3 {[%emt 0:04:07]} f5 $2 $146 {[%emt 0:11:29]} ({Predecessor:} 13... Nd6 {might work better.} 14. c4 (14. Nxf7 Nxf7 15. Qxb7 O-O 16. Qxa8 Qb6 17. Qe4 Qxb2 18. Bd3 Qxa1+ 19. Ke2 {1-0 (19) Mladenov,A-Stoimenov,K (1799) Sofia 2009}) 14... Qa4) 14. gxf5 {[%emt 0:03:42]} exf5 {[%emt 0:08:12]} 15. Qxf5 {[%emt 0:02:10]} Nd6 {[%emt 0:00:32]} 16. Qe6 {[%emt 0:02:48]} Rf8 {[%emt 0:04:14]} 17. Bg5 {[%emt 0:03:57]} Rf6 {[%emt 0:01:23]} 18. Bxf6 {[%emt 0:01:03]} gxf6 {[%emt 0:00:05]} 19. Nc4 {[%emt 0:03:10]} Nxc4 {[%emt 0:02:31]} 20. Bxc4 {[%emt 0:00:54]} Nd7 {[%emt 0:04:33]} 21. Qf7+ {[%emt 0:00:19]} Kd8 {[%emt 0:00:06]} 22. Rg1 {[%emt 0:00:37]} Nf8 {[%emt 0:01:30]} 23. Rg7 {[%emt 0:01:00]} Bd6 {[%emt 0:00:41]} 24. Qxf6+ {[%emt 0:00:37]} Kc8 {[%emt 0:00:09]} 25. Be6+ {[%emt 0:00:38]} 1-0

[Event "Szczawno Festival IM 2018"]
[Site "Szczawno"]
[Date "2018.12.21"]
[Round "9"]
[White "Kislinsky, Alexey"]
[Black "Simantsev, Mikhail"]
[Result "1/2-1/2"]
[WhiteElo "2425"]
[BlackElo "2404"]
[Annotator "TA"]
[PlyCount "30"]
[EventDate "2018.12.14"]
[EventType "tourn"]
[EventCountry "POL"]
[SourceTitle "playchess.com"]
[Source "ChessBase"]
[SourceQuality "1"]

{[%evp 21,22,0,0]} 1. d4 d5 2. c4 c6 3. Nc3 Nf6 4. cxd5 cxd5 5. Nf3 Nc6 6. Bf4 Bf5 7. e3 e6 8. Bd3 Bxd3 9. Qxd3 Bd6 10. Bxd6 Qxd6 11. O-O O-O {LiveBook: 1424 Games} {Predecessor:} 12. Rfc1 $146 Rfc8 13. h3 h6 14. Nd2 Nd7 15. Ne2 Ne7 {½-½ (15) Bu,X (2725)-Duda,J (2724) Liaocheng 2018} 1/2-1/2

[Event "Szczawno Festival IM 2018"]
[Site "Szczawno"]
[Date "2018.12.21"]
[Round "9"]
[White "Karpus, Michal"]
[Black "Pacan-Milej, Kosma"]
[Result "1/2-1/2"]
[WhiteElo "2355"]
[BlackElo "2334"]
[Annotator "TA"]
[PlyCount "51"]
[EventDate "2018.12.14"]
[EventType "tourn"]
[EventCountry "POL"]
[SourceTitle "playchess.com"]
[Source "ChessBase"]
[SourceQuality "1"]

{[%evp 25,51,12,29,0,10,0,0,-4,0,0,0,0,-3,-3,-2,-14,-17,-10,5,0,45,0,0,-45,-35,-90,-50,-45]} 1. e4 c5 2. Nf3 d6 3. d4 Nf6 4. Nc3 cxd4 5. Nxd4 a6 6. Be3 e5 7. Nb3 Be6 8. Qd2 Nbd7 9. f3 h5 10. Nd5 {B90: Sicilian Najdorf: Unusual White 6th moves, 6 Be3 Ng4 and 6 Be3 e5} Bxd5 11. exd5 g6 12. O-O-O (12. Be2 Bg7 13. O-O-O O-O 14. g4 a5 15. a4 Nb6 16. gxh5 Nxh5 17. Bb5 Nf6 {0-1 (71) Leko,P (2690)-Vachier Lagrave,M (2780) Batumi 2018}) 12... Nb6 13. Kb1 Nfxd5 {LiveBook: 3 Games} 14. Bg5 Be7 {[#]} 15. h4 $146 ({Predecessor:} 15. Bxe7 Qxe7 16. c4 Nf6 17. Qxd6 Qxd6 18. Rxd6 {½-½ (65) Leko,P (2679)-Aravindh,C (2573) Douglas 2017}) 15... Rc8 16. Bd3 Bxg5 17. hxg5 Nf4 18. g3 Nxd3 19. Qxd3 Nc4 $36 {[%mdl 2048] Black has good play.} 20. Nd2 Nxd2+ 21. Qxd2 Rc4 22. c3 Kf8 23. Rhe1 Kg7 24. Qxd6 (24. Rxe5 $5 dxe5 25. Qxd8 Rxd8 26. Rxd8 $11) 24... Qxg5 25. Qd5 (25. Qxe5+ $15 Qxe5 26. Rxe5) 25... Rc6 26. Qxe5+ {Accuracy: White = 21%, Black = 74%.} 1/2-1/2

[Event "Szczawno Festival IM 2018"]
[Site "Szczawno"]
[Date "2018.12.21"]
[Round "9"]
[White "Fus, Jakub"]
[Black "Tejaswini, Sagar"]
[Result "1/2-1/2"]
[WhiteElo "2265"]
[BlackElo "2177"]
[Annotator "TA"]
[PlyCount "47"]
[EventDate "2018.12.14"]
[EventType "tourn"]
[EventCountry "POL"]
[SourceTitle "playchess.com"]
[Source "ChessBase"]
[SourceQuality "1"]

{[%evp 25,47,39,72,50,59,58,80,29,24,28,33,29,43,-7,-8,-7,-7,-8,-8,-12,-8,-7,-7,-10]} 1. d4 Nf6 2. c4 g6 3. Nc3 Bg7 4. e4 d6 5. Be2 O-O 6. Bg5 c5 7. d5 h6 8. Be3 e6 9. dxe6 Bxe6 10. Qd2 Qb6 {E74: King's Indian: Averbakh Variation: 6...c5} 11. Nf3 Kh7 12. h3 Nc6 13. O-O Nd7 {LiveBook: 3 Games} 14. Rad1 Rad8 {[#]} 15. b3 $146 ({Predecessor:} 15. Qc1 Nde5 16. Nxe5 dxe5 17. Na4 Qa5 18. Nxc5 Qxa2 19. Nxe6 fxe6 20. Bg4 Nd4 21. Bxd4 Rxd4 22. Bxe6 Rxe4 23. Qc2 Rff4 24. g3 {1-0 (24) Rodshtein,M (2682)-Kurayan,R (2411) Basel 2014}) 15... Nde5 16. Nd5 (16. Ne1 $16) 16... Nxf3+ 17. Bxf3 Bxd5 18. exd5 Nd4 19. Bxd4 Bxd4 {The position is equal.} 20. Rfe1 Rde8 21. Rxe8 Rxe8 22. Re1 Qd8 23. Rxe8 Qxe8 24. g3 1/2-1/2